Marketing estratégico en turismo
Shranjeno v:
| Glavni avtor: | |
|---|---|
| Format: | Knjiga |
| Jezik: | španščina |
| Izdano: |
Ciudad de México
Trillas
2008
|
| Izdaja: | 1a. ed |
| Serija: | Trillas Turismo
|
| Teme: | |
| Oznake: |
Označite
Brez oznak, prvi označite!
|
MARC
| LEADER | 00000nam a2200000 a 4500 | ||
|---|---|---|---|
| 001 | UCG0803 | ||
| 003 | CL-VaPUC | ||
| 008 | 100408e20080000MX |||||||||||||||||spa|d | ||
| 020 | |a 9789682481987 | ||
| 082 | 0 | 4 | |a 658.8 |b COR |2 21 |
| 100 | 0 | |a Cordero Ramírez, Javier |e author |9 548380 | |
| 245 | 1 | 0 | |a Marketing estratégico en turismo |
| 250 | |a 1a. ed | ||
| 300 | |a 224 p | ||
| 942 | |c BK | ||
| 945 | |d 20100408 00:00:00 |a rbrito | ||
| 260 | |a Ciudad de México |b Trillas |c 2008 | ||
| 650 | 0 | |a Turismo |9 308920 | |
| 650 | 0 | |a Industria turística |9 347913 | |
| 650 | 0 | |a Desarrollo turístico |9 525699 | |
| 650 | 0 | |a Marketing |9 259324 | |
| 650 | 0 | |a Control de calidad |9 259714 | |
| 650 | 0 | |a Promoción de ventas |9 307011 | |
| 583 | |a last modification |c 20130620 04:59:50 |k Rodrigo Vera | ||
| 490 | 0 | |a Trillas Turismo | |
| 999 | |c 340326 |d 340324 | ||
| 952 | |0 0 |1 0 |4 0 |6 658_800000000000000_COR_2008 |7 0 |8 A |9 434935 |a BIBING |b BIBING |d 2019-11-22 |i 465790K |o 658.8 COR 2008 |p 465790K |r 2025-01-20 |w 2019-11-22 |y BK |k GEO | ||